000 00726nam a22002411 4500
001 12145
003 BD-RjUL
005 20211208235237.0
008 140128r19631962nyua 001 0 eng d
020 _a700011102
035 _a(BD-RjUL)12194
040 _aRML
_cRML
_dUKM
_dZCH
_d(BD-RjUL)
_beng
041 _aeng
082 0 0 _a616.152
_218
_bDAH 1963
100 1 _aDacie, John V.
_q(John Vivian),
_937607
245 1 4 _aThe haemolytic anaemias, congenital and acquired :
_bThe auto-immune haemolytic anaemias /
_nPart-ii
250 _a2nd ed.
260 _aNew York :
_bGrune & Stratton,
_c1963.
300 _avi, 718p. :
_c23 cm.
_billus. ;
504 _aIncludes index
650 0 _aAnaemia.
_937608
942 _2ddc
_cBK
999 _c12145
_d12145